Les 40 villes de France de plus de 100 000 habitants - Statistiques

Statistiques générales
  • Ce quiz a été pris 359 fois
  • Le résultat moyen est 31 sur 40
Statistiques - réponses
Population Ville % Correct
873 076 Marseille
100%
522 250 Lyon
99%
2 133 111 Paris
99%
291 313 Strasbourg
98%
261 804 Bordeaux
97%
236 710 Lille
97%
504 078 Toulouse
96%
348 085 Nice
95%
225 081 Rennes
95%
323 204 Nantes
94%
302 454 Montpellier
94%
139 619 Brest
87%
172 718 Saint-Etienne
86%
147 327 Clermont-Ferrand
85%
179 380 Reims
85%
157 477 Grenoble
84%
166 058 Le Havre
84%
120 874 Metz
82%
157 175 Angers
81%
159 346 Dijon
81%
104 260 Nancy
81%
180 452 Toulon
80%
108 200 Caen
78%
116 617 Orléans
77%
114 083 Rouen
77%
137 658 Tours
76%
113 942 Saint-Denis
75%
148 104 Nîmes
73%
133 625 Amiens
72%
119 656 Perpignan
71%
156 928 Villeurbanne
65%
145 004 Le Mans
63%
131 715 Annecy
62%
119 198 Besançon
62%
106 341 Mulhouse
62%
129 760 Limoges
61%
147 478 Aix-en-Provence
58%
119 808 Boulogne-Billancourt
45%
111 455 Montreuil
40%
107 221 Argenteuil
36%
Aucun quiz correspondant
Distribution des résultats
% des personnes avec chaque résultat
Percentile par nombre de réponses
Votre historique - résultats
Vous n’avez pas pris ce quiz